| 000 | 01895cam a2200373 a 4500 | ||
|---|---|---|---|
| 999 |
_c57581 _d57555 |
||
| 001 | 11934921 | ||
| 003 | OSt | ||
| 005 | 20190206141845.0 | ||
| 008 | 000308s2000 ne i 000 0 eng d | ||
| 010 | _a 00265457 | ||
| 020 | _a9004116354 | ||
| 035 | _a(OCoLC)ocm43251604 | ||
| 040 |
_aDWT _cDWT _dDLC |
||
| 042 | _alccopycat | ||
| 043 |
_aa------ _af------ |
||
| 050 | 0 | 0 |
_aDS35.53.E533 _bE532 2000 |
| 082 | 0 | 0 |
_a909/.09767 _222 |
| 245 | 0 | 4 |
_aThe encyclopaedia of Islam. _pGlossary and index of terms to volumes I-IX and to the supplement, fascicules 1-6 / _cunder the editorship of P.J. Bearman ... [et al.]. |
| 250 | _aNew ed. | ||
| 260 |
_aLeiden ; _aBoston : _bBrill, _c2000. |
||
| 300 |
_a427 p. ; _c25 cm. |
||
| 500 | _a"This edition of the Glossary and index of terms to The Encyclopaedia of Islam incorporates volume IX, which was published in December 1997. A change in title, omitting the adjective 'technical' to describe the terms, is meant to more accurately define the contents of this volume. The basis of the index was laid by Dr. Hakeem Uddeen Qureshi (vols. I-III) and Jos van Lent (vols. IV to VIII), whose work was then collated, augmented and edited by Peri Bearman (supplement, vol. IX), who also has begun the process of adding terms and entries missing in the first two editions."--Preface. | ||
| 630 | 0 | 0 |
_aEncyclopaedia of Islam _vIndexes. _921745 |
| 650 | 0 |
_aIslam _vIndexes. _921746 |
|
| 651 | 0 |
_aIslamic countries _vIndexes. _921747 |
|
| 700 | 1 |
_aBearman, P. J. _q(Peri J.) _921750 |
|
| 700 |
_aBianquis, TH. _948361 |
||
| 700 |
_aBosworth, C.E. _948362 |
||
| 700 |
_aDonzel, E. van. _948363 |
||
| 700 |
_aHeinrichs, W. P. _948364 |
||
| 906 |
_a7 _bcbc _ccopycat _d2 _encip _f20 _gy-gencatlg |
||
| 942 |
_2lcc _cREF |
||